00425nam a2200157Ia 4500003000900000008004100009020002200050040001600072080001100088100001700099245007300116260003000189300001600219650002000235650001200255IN-BaIIA211028s9999 xx 000 0 eng d a978-1-84792-172-7 cIIA Library a5bBAL aBall, Philip 0aCuriositybhow science became interested in everythingcPhilip Ball aLondonbBodley Headc2012 aviii, 465p. aPopular Science aScience